00297nam a2200133Ia 4500003000400000008004100004082001600045100002100061245003300082250000800115260002400123300000800147650000800155OSt191201s2008 xx 000 0 und d a338.63bPHC aPHUSKELE, Preeti 0aChanging Face of Rural India a1st aHydrabadbIUPc2008 a243 aMBA